Tioman island

Bibliographic Details
Main Author: Lee, Mary
Format: Book
Published: Singapore : Archipelago Press , 1991
Subjects:

MARC

LEADER 00000cam a2200000 7i4500
001 0000000217
002 000000286
005 20000330.0
020 |a 9810030940 
090 0 0 |a 959.5104   |b LEE 
100 1 |a Lee, Mary 
245 1 0 |a Tioman island   |c Mary Lee 
260 |a Singapore :   |b Archipelago Press ,   |c 1991 
300 |a 71p. :   |b ill. ;   |c 18cm. 
651 0 |a Tioman island   |x Description and travel 
999 |a 028082   |b BUKU   |c MALAYSIANA   |e PERPUSTAKAAN KOMUNITI PETALING JAYA